<?xml version="1.0" encoding="UTF-8"?>
<record
    xmlns:xsi="http://www.w3.org/2001/XMLSchema-instance"
    xsi:schemaLocation="http://www.loc.gov/MARC21/slim http://www.loc.gov/standards/marcxml/schema/MARC21slim.xsd"
    xmlns="http://www.loc.gov/MARC21/slim">

  <leader>01748nab a2200241 i 4500</leader>
  <controlfield tag="001">768714001</controlfield>
  <controlfield tag="003">CO-MdFUSB</controlfield>
  <controlfield tag="005">20240627083935.0</controlfield>
  <controlfield tag="008">240627t1996    us ||||| |||| 00| 0 eng d</controlfield>
  <datafield tag="040" ind1=" " ind2=" ">
    <subfield code="b">spa</subfield>
    <subfield code="c">CO-MdFUSB</subfield>
    <subfield code="d">CO-MdFUSB</subfield>
  </datafield>
  <datafield tag="041" ind1=" " ind2=" ">
    <subfield code="a">eng</subfield>
  </datafield>
  <datafield tag="100" ind1=" " ind2=" ">
    <subfield code="a">Menconi, Margo Lyn, </subfield>
    <subfield code="e">autor</subfield>
  </datafield>
  <datafield tag="245" ind1=" " ind2=" ">
    <subfield code="a">Understanding and relating to the three cultures of cross-cultural ministry in Russia </subfield>
    <subfield code="c">/ Margo Lyn Menconi</subfield>
  </datafield>
  <datafield tag="520" ind1=" " ind2=" ">
    <subfield code="a">Cuando los misioneros o trabajadores de la iglesia ingresan a una nueva cultura con el evangelio, en realidad tienen tres culturas con las que lidiar: su propia cultura nativa, la cultura del pueblo objetivo y tambi&#xE9;n la cultura b&#xED;blica o del &#x201C;reino&#x201D;. Necesitamos entender los tres para poder comunicar fielmente nuestro mensaje a las personas que pretendemos alcanzar para Cristo.
En este art&#xED;culo, hago una comparaci&#xF3;n de muestra entre la cultura rusa y la de los Estados Unidos y de las Escrituras, utilizando la adaptaci&#xF3;n de Carolyn Ryffel (1994) de uno de los continuos &#x201C;Dimensiones de la cultura&#x201D; de Geert Hofstede (1991, 1986, 1984) como marco. El prop&#xF3;sito de este documento es alentar la reconsideraci&#xF3;n del lugar de cada una de estas tres culturas en nuestras actividades misioneras y la toma de decisiones conscientes e informadas sobre nuestro enfoque de la misi&#xF3;n con respecto a ellas.</subfield>
  </datafield>
  <datafield tag="546" ind1=" " ind2=" ">
    <subfield code="a">Texto en ingl&#xE9;s.</subfield>
  </datafield>
  <datafield tag="650" ind1=" " ind2="0">
    <subfield code="a">Misiones</subfield>
    <subfield code="9">154</subfield>
  </datafield>
  <datafield tag="650" ind1=" " ind2="7">
    <subfield code="a">Iglesia</subfield>
    <subfield code="9">655</subfield>
  </datafield>
  <datafield tag="650" ind1=" " ind2="0">
    <subfield code="a">Evangelizaci&#xF3;n</subfield>
    <subfield code="9">362</subfield>
  </datafield>
  <datafield tag="650" ind1=" " ind2="7">
    <subfield code="a">Antropolog&#xED;a cultural y social</subfield>
    <subfield code="9">6714</subfield>
  </datafield>
  <datafield tag="773" ind1="0" ind2=" ">
    <subfield code="0">49486</subfield>
    <subfield code="9">61114</subfield>
    <subfield code="d"> Pasadena</subfield>
    <subfield code="o">R0900</subfield>
    <subfield code="t">Missiology:</subfield>
    <subfield code="w">(CO-MdFUSB)97</subfield>
    <subfield code="g">Volumen 24, (n&#xFA;mero 4, 1996) p&#xE1;ginas: 519 - 531</subfield>
    <subfield code="q">p&#xE1;gina: 519</subfield>
  </datafield>
  <datafield tag="942" ind1=" " ind2=" ">
    <subfield code="c">ANA</subfield>
  </datafield>
  <datafield tag="945" ind1=" " ind2=" ">
    <subfield code="a">Catherine Arias &#xC1;lvarez - Practicante SENA</subfield>
  </datafield>
  <datafield tag="999" ind1=" " ind2=" ">
    <subfield code="c">70386</subfield>
    <subfield code="d">70386</subfield>
  </datafield>
</record>
